| 000 | 00856nam a2200265 i 4500 | ||
|---|---|---|---|
| 001 | 77545 | ||
| 003 | ES-MaACL | ||
| 005 | 20230906173252.0 | ||
| 007 | t| | ||
| 008 | 041020s2004 sp ||||1| spa d | ||
| 020 | _a84-01-37882-6 | ||
| 080 | _a929(100):323.28 | ||
| 080 | _a323.28(100)"19" | ||
| 100 | 1 |
_aPisano, Isabel. _992366 |
|
| 245 | 1 | 0 |
_aYo terrorista _b: hablan los protagonistas / _cIsabel Pisano ; con la colaboración de Ana María González, Matteo Re, Serena Purarelli. |
| 250 | _a1ª ed. | ||
| 260 |
_a[Barcelona] : _bPlaza & Janés, _c2004. |
||
| 300 |
_a330 p. ; _c23 cm + _eFe de erratas. |
||
| 650 | 1 | 4 |
_aTerroristas. _917513 |
| 650 | 1 | 4 |
_aTerrorismo- _yS.XX. _917508 |
| 700 | 1 |
_aGonzález, Ana María. _958277 |
|
| 700 | 1 |
_aRe, Matteo. _995663 |
|
| 700 | 1 |
_aPurarelli, Serena. _994417 |
|
| 852 |
_aES-MaACL _jL-28301 _bR.134322 |
||
| 999 |
_c77545 _d77545 |
||